Virtuální polytechnická knihovna - Souborný katalog - Úplný záznam dokumentu - MARC Uživatel: --- 
-----nas  22-----zu 4500
001 SKVPK0031836
003 CZ-VPK
005 20260413144340.0
008 260413u2006uuuu||||| | |||  ||   |||||||
022   $a1897-2721
040   $aABA009$bcze
245 00$aOlsztyn economic journal
260   $aW Olsztynie :$bWydawnictwo Uniwersytetu Warmińsko-Mazurskiego,$c2006-
650 07$aekonomické vědy$xev$2psh
780 00$tVznikl sloučením: Zagadnienia ekonomiczne a: Economic sciences
910   $aABA009$r2009-2025
OAI-PMH
 čtvrtek 30.04.2026 18:34:47 © 2001-2015 Národní technická knihovna 

[Virtuální polytechnická knihovna] [Servisní centrum] [Souborný katalog]